James Bond by Book Cover Quiz Stats

 Plays Quiz not verified by Sporcle

Score 0/14 Timer 07:00
0 Plays Today
Image No. Title % Correct
6Casino Royale
86.1%
4Diamonds Are Forever
78.7%
2The Man with the Golden Gun
73%
7Goldfinger
70.5%
3Moonraker
59.8%
5Live and Let Die
59.8%
13On Her Majesty's Secret Service
59%
Image No. Title % Correct
1For Your Eyes Only
54.9%
10Dr. No
51.6%
8Thunderball
50.8%
9The Spy Who Loved Me
49.2%
14From Russia With Love
48.4%
12You Only Live Twice
47.5%
11Octopussy
45.9%

You're not logged in!

Compare scores with friends on all Sporcle quizzes.
OR
Log In

Show Comments

Extras

Top Quizzes Today


Score Distribution

Your Account Isn't Verified!

In order to create a playlist on Sporcle, you need to verify the email address you used during registration. Go to your Sporcle Settings to finish the process.

Report this User

Report this user for behavior that violates our Community Guidelines.

Details: